00458pab a2200145 454500008004000000100002500040245010500065260000900170300001300179650002100192650002300213650001500236700002300251773003800274180718b2008 xxu||||| |||| 00| 0 eng d aPandey, Sanjay Kumar aFiscal arrangements between national and sub-national governments: perspectives from India and Italy c2008 ap.40-57. aFeralism - Italy aFederalism - India aFederalism aBadriotti, Augusta aIndian Journal of Federal Studies